MDQL
is popping MORE tags! Check the
thread
!
Quizzes
Events
Quiz Creation
Community
Videos
Private Events
Remove Ads
Sign In
Join for FREE
Feedback
Dark Mode
Quiz Categories
Sports
Geography
Music
Movies
Television
Just For Fun
Miscellaneous
History
Literature
Language
Science
Gaming
Entertainment
Religion
Holiday
For Kids
Quiz Lab
Recent
Popular Today
Quiz Kudos Today
Editor Picks
Curator Picks
Quizzes by...
Day
Popularity
Type
Ratings
Length
Year
Community
Subscriptions
Recent Discussions
Orange Saloon
Badges
Playlists
Quests
Create
Leaderboards
Showdown
Live 5
Trivia Bingo
Activity
Puzzle Library
Sporcle Events
Private Events
Virtual Trivia
Globe League
Become a Host
Pub Owners
SporcleCon
Opinionation
Our Games
Videos
Blog
Mobile Apps
Partnerships
Remove Ads and Go Orange
Feedback
Television
TV Characters
TV Show
Sitcom
Network
Friends
Reality Shows
Cast
South Park
Star Trek
The Simpsons
Doctor Who
Television
TV Characters
TV Show
Sitcom
Network
Friends
Reality Shows
Cast
South Park
Star Trek
The Simpsons
Doctor Who
Random Quiz
Search Sporcle
×
Quiz Lab
Quiz Lab
Television
Clickable
Type in answers that appear in a list
Type in answers that appear in a list
Classic
Best Score? Go Orange.
Duggar Middle Names Stats
Can you name all of the Duggar children?
By
kpeel1
5m
26 Questions
318 Plays
318 Plays
318 Plays
Comments
Comments
Give Quiz Kudos
Give Quiz Kudos
-
- Ratings
hide this ad
Replay
Link that replays current quiz
Next Quiz
Link to next quiz in quiz playlist
You Got
0%
They Got
Avg Score
70%
Avg Friend Score
Upgrade to see
Score Distribution
Jump to the score distribution portion of the page
Score
0/26
Timer
05:00
0
Plays Today
% Correct
Robert
84.9%
Robert
84.9%
Robert
84.9%
James
83%
James
83%
Michelle
81.4%
Marie
77.7%
David
76.4%
Lauren
76.4%
David
76.4%
Anna
74.5%
Nicole
73.6%
Brooklyn
70.1%
% Correct
Annette
69.2%
Faith
68.9%
Levi
67%
Garrett
65.1%
Andrew
65.1%
Renee
64.2%
Renee
64.2%
Samuel
62.3%
Makiya
59.4%
Matthew
58.8%
Michael
58.5%
Danielle
58.2%
Anthony
50.3%
Quiz Playlist
Details
Report
Send in Message
Add To Playlist
Classic:
Type in answers that appear in a list
Last Updated: Feb 16, 2017
Quiz Scoreboard
CHALLENGE
Sign Up to Join the Scoreboard
Show All
Scores
Hide
Comments
May contain spoilers
Recently Published
Holiday 10x10 Sorting Gallery
by lukepisani3
Holiday
15m
Two Season TV Shows II
by 123Four
Television
10m
Image Sorting: Flags VI
by Barbecue
Geography
2m
More to Explore
Quiz From the Vault
Featured Blog Post
14 Easter Pick-up Lines to Find Eggs With
hide this ad
You Might Also Like...
Tags
Clickable Quiz
Children
duggar
middle
Today's Top Quizzes in Television
Browse Television
hide this ad
Today's Top Quizzes in Clickable
Browse Clickable
Top Contributed Quizzes in Television
1
Survivor Journey Challenge
2
Even More Two Season TV Shows
3
Adjectives in 00s TV Shows
4
Brooklyn Nine Nine Logic Puzzle (How-To-Play)
5
Adjectives in 10s TV Shows
6
Click the SpongeBob Episodes (Season 3)
7
Even More Three Season TV Shows
8
Survivor Logic Puzzle: Heroes vs. Villains
9
Total Drama Characters
10
Survivor Heroes vs. Villains Logic Puzzle
Explore More
Trending Topics
NBA
Crossword
Marvel
Anime
Disney
Harry Potter
Kpop
Puzzle
NFL
Pokémon
The Office
Country
Song
Soccer
WWE
hide this ad
More By:
kpeel1
Quiz
Plays
Rating
Category
Featured
Created
Duggar Middle Names
318
Television
Jun 8, 2015
Go to Creator's Profile
Score Distribution
Quiz Creator Spotlight
kpeel1
Follow
Send a Message
Quizzes Created
-
Created Quiz Play Count
-
More By This Creator
Popular Quizzes Today
1
Find the US States - No Outlines Minefield
2
Colored Red Africa Blitz
3
Find the 'City' Movie
4
The Countries of the World
5
5x2 Blitz: Bands
6
Find the Countries of Europe - No Outlines Minefield
7
Find the US States
8
US States
More Television Quizzes
Can you name the characters from Dickinson?
Quiz Lab
Trending Quizzes
Colored Red Europe Blitz I
Colored Red Africa Blitz II
Colored Red Europe Blitz II
Even More Two Season TV Shows
Colored Red Africa Blitz III
Recently Updated
Quick Pick: 20 Twenties
pecheneg
March Madness Men's Triple Doubles
pecheneg
How Do You Spell That?
pecheneg
Godzilla Movies
pecheneg
Grab Bag: 4-10 Letters
pecheneg
2024 March Madness Bracket
pecheneg
Famous TV Couples
Peacemaker
Champions League XIs: Real Madrid
pecheneg
Largest US Cities 1790-2010
pecheneg
Rides in Walt Disney World
pecheneg
Trending Topics
Kpop
Disney
Marvel
NBA
Anime
Crossword
Harry Potter
NFL
Country
The Office
Pokémon
WWE
Puzzle
Song
Soccer
Your Account Isn't Verified!
In order to create a playlist on Sporcle, you need to verify the email address you used during registration. Go to your
Sporcle Settings
to finish the process.
Report this User
Report this user for behavior that violates our
Community Guidelines
.
Details:
Send Report
Go to the Sporcle.com Mobile Site →
Comments